=LDR 00000nam 2200000 4500 =001 INLIS000000000012072 =005 20130612103621 =008 ***********************************Ind** =035 ##$$0010-061300000012072 =041 ##$$a Ind =082 ##$$a 530.7 =090 ##$$a 530.7, Kit k =100 ##$$a Kitti, Sora =245 ##$$a Kimia, Untuk sekolah menengah umum, Kitti Sura =260 ##$$a 1996 $b (S.L.) =300 ##$$a v, 317hlm, Ilus, 21 cm =650 ##$$a Kimia SMU =850 ##$$a NBPNMAT